| 000 | 01083nam0a22002651 4500 | ||
|---|---|---|---|
| 001 | rc\3963673 | ||
| 005 | 20250611040627.0 | ||
| 021 |
_aRU _b[56-23062] |
||
| 035 | _a(NLR Aleph) 008051643 | ||
| 090 |
_a8945453 _c8945453 |
||
| 100 | _a20130415d1955 |||y0rusy50 ca | ||
| 101 | 0 | _arus | |
| 102 | _aRU | ||
| 105 | _ay z ||||| | ||
| 200 | 1 |
_aТезисы докладов _fГос. ордена Ленина и ордена Красного Знамени ин-т физ. культуры им. П.Ф. Лесгафта. Итоговая конференция за 1955 г. |
|
| 210 |
_aЛенинград _cБ. и. _d1955 |
||
| 215 |
_a82 с. _d21 |
||
| 606 |
_aФизическая культура _jТезисы докладов _2psbo |
||
| 710 | 0 | 2 |
_aИнститут физической культуры им. П. Ф. Лесгафта _bНаучная конференция _cЛенинград _f1955 _9670604 _3RU\NLR\AUTH\880505348 |
| 801 | 0 |
_aRU _bNLR _gpsbo |
|
| 801 | 1 |
_aRU _bELAR _2rusmarc |
|
| 852 |
_aNLR _jФк02 Г-4/1335 |
||
| 942 | _cBOOK | ||
| 980 | _aNB | ||